000 01670nam a2200385 i 4500
001 193709
003 ES-MaACL
005 20240208063127.0
007 ta
008 240206s1914||||fr a fre 000 0 fre d
035 _a(OCoLC)32315521
035 _aocm32315521
035 _a023425997
035 _aALP000108796
040 _aABES
_bfre
_eAFNOR
_cES-MaACL
100 1 _aRoutin, Georges
_d1871-1937
_9235068
_eaut
245 1 0 _aCentrales hydrauliques :
_bturbines de divers systèmes /
_cpar Georges Routin,... ; avec une préface de M. L. Barbillion,....
264 1 _aParis :
_bLibrairie des Sciences et de l'Industrie :
_bL. Geisler, imprimeur-éditeur,
_c1914.
300 _a133 páginas ;
_bIlustraciones (blanco y negro) ;
_c25 cm.
336 _btxt
_2rdacontent
_atexto
337 _bn
_2rdamedia
_asin mediación
337 _bn
_2isbdmedia
_asin mediación
338 _bnga
_2RDAfrCarrier
_avolumen
490 1 _aEncyclopédie électrotechnique ;
_v37e Fascicule
650 4 _aCentrales hidroeléctricas
_910883
650 4 _aTurbinas hidraúlicas
_917664
700 _aBarbillion, Louis,
_d1873-1945
_9235043
_eaut
760 0 _tEncyclopédie électrotechnique / par un comité d'Ingénieurs spécialistes / M. F. Loppé,...
_dParis : L. Geisler, 1907?-1918
_h54 fasc.
_g37
_w(ABES)139541152
830 _9235039
_aEncyclopédie électrotechnique ;
_v37
852 _aES-MaACL
_bR.M.8247
_cSVI
_jD-8701
_fSello en tinta en portada: "Ateneo de Madrid. Biblioteca"
_9201237
886 2 _2unimarc
_a181
_ai#
_bxxxe##
942 _n0
_cMONOGRAFIA
999 _c193709
_d193709